| 000 | 00520nam a2200217Ia 4500 | ||
|---|---|---|---|
| 008 | 170712s9999 xx 000 0 und d | ||
| 020 | _a9789712719394 | ||
| 050 | _a828.99 | ||
| 050 | _bD426 2007 | ||
| 100 | _aDe Quiros, Conrado | ||
| 245 | _aTongues on fire / | ||
| 245 | _cby Conrado De Quiros. | ||
| 260 | _aPhilippines : | ||
| 260 | _bAnvil, | ||
| 260 | _c2007 | ||
| 300 | _a230 pages : | ||
| 300 | _billustrations ; | ||
| 300 | _c22cm. | ||
| 650 | _aPhilippine essays (English). | ||
| 650 | _aTitle. | ||
| 999 |
_c340361 _d340361 |
||